banner-ar

القاموس الجغرافى للبلاد المصرية : (Record no. 58615)

MARC details
000 -الفاتح
حقل البيانات ثابتة الطول 01679nam a2200253Ia 4500
005 - وقت وتاريخ اخر تعامل مع التسجيلة
رقم الضبط 20240530110116.0
008 - عناصر البيانات ثابتة الطول - معلومات عامة
حقل البيانات ثابتة الطول 140319s9999 xx 000 0 ara d
017 ## - رقم الايداع القانونى
المصدر ( الهيئة المختصة) مصر. دار الكتب
040 ## - مصدر الفهرسة
وكالة الفهرسة الأصلية GCL /
وكالة النسخ GCL
082 04 - رقم تصنيف ديوى العشرى
رقم التصنيف ق
رقم المادة 916.2031
-- م ق
رقم الطبعة 21
100 1# - المدخل الرئيسى - إسم شخصى
الإسم الشخصى عبدالعظيم رمضان
245 10 - بيان العنوان
العنوان القاموس الجغرافى للبلاد المصرية :
بقية العنوان من عهد قدماء المصريين الى سنة 1945 /
بيان المسئوليه,etc محمد رمزى ؛ تقديم عبدالعظيم رمضان
رقم الجزء/قسم العمل القسم الاول :
اسم جزء/قسم العمل البلاد المندرسة
رقم الجزء/قسم العمل القسم الثانى : الجزء الاول
اسم جزء/قسم العمل المحافظات ومديريات القليوبية والشرقية والدقهلية
رقم الجزء/قسم العمل القسم الثانى : الجزء الثانى
اسم جزء/قسم العمل ميريات الغربية والمنوفية والبحيرة
رقم الجزء/قسم العمل القسم الثانى : الجزء الثالث
اسم جزء/قسم العمل مديريات الجيزة وبنى سويف والفيوم والمنيا
رقم الجزء/قسم العمل القسم الثانى : الجزء الرابع
اسم جزء/قسم العمل مديريات اسيوط وجرحا وقنا واسوان ومصلحة الحدود
260 ## - PUBLICATION, DISTRIBUTION, ETC. (IMPRINT)
تاريخ النشر أو التوزيع 1993
300 ## - الوصف المادى
التعداد متعدد ؛
أبعاد الوعاء 26 سم
650 04 - المدخل الاضافى بالموضوع-مصطلح موضوعى
مصطلح موضوعي المدن المندثرة
مصدر الرأس أو المصطلح qrmak
650 04 - المدخل الاضافى بالموضوع-مصطلح موضوعى
مصطلح موضوعي مصر - الجغرافيا التاريخية
مصدر الرأس أو المصطلح qrmak
650 04 - المدخل الاضافى بالموضوع-مصطلح موضوعى
مصطلح موضوعي المدن - تخطيط
مصدر الرأس أو المصطلح qrmak
650 04 - المدخل الاضافى بالموضوع-مصطلح موضوعى
مصطلح موضوعي مصر - تاريخ - العصر القبطى ( 284 - 642 م )
مصدر الرأس أو المصطلح qrmak
650 04 - المدخل الاضافى بالموضوع-مصطلح موضوعى
مصطلح موضوعي مصر - تاريخ - العصر الحديث (1805 - 1956 )
مصدر الرأس أو المصطلح qrmak
650 04 - المدخل الاضافى بالموضوع-مصطلح موضوعى
مصطلح موضوعي المدن - مصر
مصدر الرأس أو المصطلح qrmak
651 ## - المدخل الاضافى بالموضوع - اسم جغرافى
مصدر الرأس أو المصطلح qrmak
700 1# - المدخل الاضافى - اسم شخصى
الإسم الشخصى محمد رمزى
942 ## - عناصر المدخل الإضافي( كوها)
مصدر التصنيف او مخطط الترفيف Dewey Decimal Classification
Koha [default] item type كتاب
260 ## - PUBLICATION, DISTRIBUTION, ETC. (IMPRINT)
-- القاهرة :
-- الهيئة المصرية العامة للكتاب،
Holdings
حالة التراجع حالة الفقد حالة تلف ليس للاعارة المكان المؤقت الموقع الحالى تاريخ الاكتساب اجمالي اﻻعارات رقم الطلب الباركود تاريخ اخر مشاهدة تاريخ تفعيل السعر نوع وعاء كوها
        مكتبة القاهرة الكبرى مكتبة القاهرة الكبرى 03/26/2014   ق\916.2031\م ق 152014 03/26/2014 03/26/2014 كتاب
        مكتبة القاهرة الكبرى مكتبة القاهرة الكبرى 03/26/2014   ق\916.2031\م ق 152015 03/26/2014 03/26/2014 كتاب
        مكتبة القاهرة الكبرى مكتبة القاهرة الكبرى 03/26/2014   ق\916.2031\م ق 152016 03/26/2014 03/26/2014 كتاب
        مكتبة القاهرة الكبرى مكتبة القاهرة الكبرى 03/26/2014   ق\916.2031\م ق 152017 03/26/2014 03/26/2014 كتاب
        مكتبة القاهرة الكبرى مكتبة القاهرة الكبرى 03/26/2014   ق\916.2031\م ق 152018 03/26/2014 03/26/2014 كتاب
        مكتبة القاهرة الكبرى مكتبة القاهرة الكبرى 03/26/2014   ق\916.2031\م ق 152019 03/26/2014 03/26/2014 كتاب
        مكتبة القاهرة الكبرى مكتبة القاهرة الكبرى 03/26/2014   ق\916.2031\م ق 152020 03/26/2014 03/26/2014 كتاب
        مكتبة القاهرة الكبرى مكتبة القاهرة الكبرى 12/09/2019   ق\916.2031\م ق 166796 12/09/2019 12/09/2019 كتاب
        مكتبة القاهرة الكبرى مكتبة القاهرة الكبرى 12/09/2019   ق\916.2031\م ق 166797 12/09/2019 12/09/2019 كتاب
        مكتبة القاهرة الكبرى مكتبة القاهرة الكبرى 12/09/2019   ق\916.2031\م ق 166798 12/09/2019 12/09/2019 كتاب
        مكتبة القاهرة الكبرى مكتبة القاهرة الكبرى 12/09/2019   ق\916.2031\م ق 166799 12/09/2019 12/09/2019 كتاب
        مكتبة القاهرة الكبرى مكتبة القاهرة الكبرى 12/09/2019   ق\916.2031\م ق 166800 12/09/2019 12/09/2019 كتاب
        مكتبة القاهرة الكبرى مكتبة القاهرة الكبرى 12/09/2019   ق\916.2031\م ق 166801 12/09/2019 12/09/2019 كتاب
        مكتبة القاهرة الكبرى مكتبة القاهرة الكبرى 12/09/2019   ق\916.2031\م ق 166802 12/09/2019 12/09/2019 كتاب
        مكتبة القاهرة الكبرى مكتبة القاهرة الكبرى 12/09/2019   ق\916.2031\م ق 166803 12/09/2019 12/09/2019 كتاب
        مكتبة القاهرة الكبرى مكتبة القاهرة الكبرى 12/09/2019   ق\916.2031\م ق 166804 12/09/2019 12/09/2019 كتاب

Powered By

EGPV